LEADER 01210nam 2200361Ia 450 001 996383484103316 005 20221108095602.0 035 $a(CKB)1000000000593893 035 $a(EEBO)2240977582 035 $a(OCoLC)12622972 035 $a(EXLCZ)991000000000593893 100 $a19851001d1689 uy | 101 0 $aeng 135 $aurbn||||a|bb| 200 12$aA letter, containing some reflections on His Majesties Declaration for liberty of conscience dated the fourth of April, 1687$b[electronic resource] 210 $a[London $cs.n.$d1689] 215 $a8 p 300 $aCaption title. 300 $aAttributed also to Daniel Defoe. 300 $aReproduction of original in Huntington Library. 330 $aeebo-0113 606 $aLiberty of conscience 615 0$aLiberty of conscience. 700 $aBurnet$b Gilbert$f1643-1715.$0193326 701 $aDefoe$b Daniel$f1661?-1731.$069634 801 0$bEAA 801 1$bEAA 801 2$bm/c 801 2$bWaOLN 906 $aBOOK 912 $a996383484103316 996 $aA letter, containing some reflections on His Majesties Declaration for liberty of conscience dated the fourth of April, 1687$92426853 997 $aUNISA